HUMAN ANATOMY AND PHYSIOLOGY (Record no. 1214556)

MARC details
000 -LEADER
fixed length control field 00395nam a2200145Ia 4500
008 - FIXED-LENGTH DATA ELEMENTS--GENERAL INFORMATION
fixed length control field 250102s2025 xx 000 0 und d
020 ## - INTERNATIONAL STANDARD BOOK NUMBER
International Standard Book Number 978-93-5451-225-4
041 ## - LANGUAGE CODE
Language code of text/sound track or separate title eng
082 ## - DEWEY DECIMAL CLASSIFICATION NUMBER
Classification number 615.611/BHI/YAD
100 ## - MAIN ENTRY--PERSONAL NAME
Personal name BHIISE/YADAV
245 ## - TITLE STATEMENT
Title HUMAN ANATOMY AND PHYSIOLOGY
Remainder of title HUMAN ANATOMY AND PHYSIOLOGY
250 ## - EDITION STATEMENT
Edition statement 7th.ed.
260 ## - PUBLICATION, DISTRIBUTION, ETC.
Place of publication, distribution, etc. PUNE
Name of publisher, distributor, etc. NIRALI PUBLICATION
Date of publication, distribution, etc. 2025
300 ## - PHYSICAL DESCRIPTION
Extent 15.2p
Holdings
Withdrawn status Lost status Damaged status Not for loan Home library Current library Date acquired Cost, normal purchase price Total Checkouts Full call number Barcode Date last seen Price effective from Koha item type
        Institute of Pharmacy, Navi Mumbai Institute of Pharmacy, Navi Mumbai 25/09/2025 150.00   615.611/BHI/YAD IPM-10906 02/01/2026 02/01/2026 Book